000 00496nam a2200181 i 4500
001 21533
003 ES-MaACL
005 20230906152510.0
007 t|
008 021126s1969 sp ||||1| spa d
100 1 _aAlbors Gisbert, Miguel-Jorge.
_919416
245 1 0 _aProblemas de termotécnia /
_cpor Miguel-Jorge Albors Gisbert.
250 _a1ª ed.
260 _aAlcoy :
_bMarfil,
_c1969.
300 _a1 v. ;
_c21 cm.
505 8 _aContiene: T. I.
852 _aES-MaACL
_jP-1725
_bR.72864
999 _c21533
_d21533